Une philosophie de l'ambiguïté: l'existentialisme de Maurice Merleau-Ponty
Gardado en:
| Autor Principal: | |
|---|---|
| Formato: | Libro |
| Idioma: | francés |
| Publicado: |
Lovaina
Publications Universitaires de Louvain
1951
|
| Series: | Bibliothèque Philosophique de Louvain
|
| Subjects: | |
| Tags: |
Engadir etiqueta
Sen Etiquetas, Sexa o primeiro en etiquetar este rexistro!
|
MARC
| LEADER | 00000nam a2200000 a 4500 | ||
|---|---|---|---|
| 001 | UCZ5272 | ||
| 003 | CL-VaPUC | ||
| 008 | 951117e19510000BE |||||||||||||||||fre|d | ||
| 082 | 0 | 4 | |a 142.78 |b WAE |2 21 |
| 100 | 0 | |a Waelhens, A. de |e author |9 349230 | |
| 245 | 1 | 4 | |a Une philosophie de l'ambiguïté: l'existentialisme de Maurice Merleau-Ponty |
| 300 | |a 408 p | ||
| 942 | |c BK | ||
| 945 | |d 19951117 00:00:00 |a cmena | ||
| 260 | |a Lovaina |b Publications Universitaires de Louvain |c 1951 | ||
| 650 | 0 | |a Existencialismo |9 265698 | |
| 650 | 0 | |a Escuelas filosóficas |9 266232 | |
| 650 | 0 | |a Ontología |9 256850 | |
| 650 | 0 | |a Percepción |9 266750 | |
| 650 | 0 | |a Teoría del conocimiento |9 255038 | |
| 650 | 0 | |a Humanismo |9 256530 | |
| 583 | |a last modification |c 19951117 00:00:00 |k Rodrigo Vera | ||
| 490 | 0 | |a Bibliothèque Philosophique de Louvain | |
| 999 | |c 241592 |d 241590 | ||
| 952 | |0 0 |1 0 |4 0 |6 142_780000000000000_WAE_1951 |7 0 |8 P |9 253964 |a BIBEDU |b BIBEDU |c BIBEDU_PB |d 2019-11-19 |i 1573659 |o 142.78 WAE 1951 |p 1573659 |r 2024-01-25 |w 2019-11-19 |y BK |k FIL | ||